| 000 | 02236nam a2200385Ia 4500 | ||
|---|---|---|---|
| 001 | dia_7024 | ||
| 003 | CHAP | ||
| 005 | 20250730173440.0 | ||
| 007 | ta | ||
| 008 | 220117s2018 mx adeofr 001 0 spa d | ||
| 040 |
_cCHAP _amxchpua |
||
| 090 |
_aT.C.754 _bL67 EIUPA _c2018 |
||
| 245 | 1 | 0 |
_aProyecto de prácticas de campo, EIUPA, en ciudad Bolívar, Medellín, Colombia : _bEmpresa Agropecuaria Farallones / _ccoordinador Vicente López Bautista ; colaboradores Ernesto Álvarez Villareal...[et al.] |
| 260 |
_aMéxico : _bEl autor, _c2018 |
||
| 300 |
_a106 hojas : _bilustraciones, gráficas, diagramas, tablas, fotos, planos + _e1 CD-ROM |
||
| 336 |
_2rdacontent _atexto _btxt |
||
| 337 |
_2rdamedia _ano mediado _bn |
||
| 338 |
_2rdacarrier _avolumen _bnc |
||
| 500 | _a7° año Grupo 3-4 -- El CD contiene reporte y planos. Los planos están incluidos en el archivo del reporte | ||
| 502 |
_aViaje de Estudios _b(EIUPA) -- _cUACh. Departamento de Ingeniería Agroindustrial, _d2018 |
||
| 504 | _aBibliografía: hoja 105 | ||
| 505 | _a9 planos -- 1. Diagrama de recorrido Agropecuaria Farallones -- 2. Plano de áreas de centro de acopio Agropecuaria Farallones (Esc. 1:100) -- 3. Plano de áreas de beneficio húmedo Finca de los dolores (Esc. 1:40) -- 4. Plano de áreas trilladora Agropecuaria Farallones (Esc. 1:50) -- 5. Plano de distribución de equipo del almacén (Esc. 1:100) -- 6. Plano de distribución de equipo trilladora farallones (Esc. 1:40) -- 7. Plano de distribución de equipo del beneficio húmedo (Esc. 1:40) -- 8. Diagrama de tubería e instrumentación de beneficio húmedo -- 9. Diagrama de flujo del beneficio húmedo | ||
| 650 | 1 | 0 |
_aProductos del café _xIndustria y comercio _zColombia _9161678 |
| 650 | 1 | 0 |
_aCoffee products _xIndustry and trade _zColombia _9161675 |
| 700 | 1 |
_aLópez Bautista, Vicente _9147030 _ecoordinador |
|
| 700 | 1 |
_aÁlvarez Villareal, Ernesto _9162814 _ecolaborador |
|
| 856 | 4 | 1 |
_uhttp://10.13.5.2/ve/TC754EIUPA/TC754EIUPA2018-REPORTE.pdf _yDESCARGAR REPORTE |
| 901 | _aT.C.754 L67 EIUPA 2018 | ||
| 902 | _aM | ||
| 905 | _a5232272018 mx edml8223123322spa16 | ||
| 942 | _2local | ||
| 942 | _cVE | ||
| 999 |
_c178143 _d178143 |
||